000 00380pab a2200157 454500
008 180718b2017 xxu||||| |||| 00| 0 eng d
100 _aHaragopal, G.
245 _aMaoist movement: context and concerns
260 _c2017
300 _ap.71-76.
362 _a27 May
650 _aMaoism
650 _aTerrorism
773 _aEconomic and Political Weekly
909 _a114981
999 _c114975
_d114975